ՀՀ Գիտությունների ազգային ակադեմիայի հիմնարար գիտական գրադարան  =   Fundamental Scientific Library of NAS RA

Микроэлементы в почвах и лугопастбищных растениях мерзлотных ландшафтов Якутии / (Record no. 264182)

MARC details
000 -LEADER
fixed length control field 01128nam a2200229 a 4500
001 - CONTROL NUMBER
control field 000714734
003 - CONTROL NUMBER IDENTIFIER
control field AM-YeHGA
005 - DATE AND TIME OF LATEST TRANSACTION
control field 20250617142816.0
008 - FIXED-LENGTH DATA ELEMENTS--GENERAL INFORMATION
fixed length control field 100218s1970 ai | |||||||||||||rus|d
040 ## - CATALOGING SOURCE
Original cataloging agency AM-YeHGA
041 0# - LANGUAGE CODE
Language code of text/sound track or separate title rus
090 ## - LOCALLY ASSIGNED LC-TYPE CALL NUMBER (OCLC); LOCAL CALL NUMBER (RLIN)
-- 265812
245 00 - TITLE STATEMENT
Title Микроэлементы в почвах и лугопастбищных растениях мерзлотных ландшафтов Якутии /
Statement of responsibility, etc. А.Д. Егоров, Д.В. Григорьева, Т.Т. Курилюк, Н.Н. Сазонов; АН СССР, Якутский фил. СО, Ин-т биологии.
260 ## - PUBLICATION, DISTRIBUTION, ETC.
Place of publication, distribution, etc. Якутск :
Name of publisher, distributor, etc. Якутское кн. изд-во,
Date of publication, distribution, etc. 1970.
300 ## - PHYSICAL DESCRIPTION
Extent 288 с. :
Other physical details рис., табл. ;
Dimensions 26 см.
650 14 - SUBJECT ADDED ENTRY--TOPICAL TERM
Topical term or geographic name entry element Почвоведение
700 1# - ADDED ENTRY--PERSONAL NAME
Personal name Егоров, Алексей Дмитриевич
700 1# - ADDED ENTRY--PERSONAL NAME
Personal name Григорьева, Декабрина Васильевна
700 1# - ADDED ENTRY--PERSONAL NAME
Personal name Крилюк, Татьяна Тимофеевна
700 1# - ADDED ENTRY--PERSONAL NAME
Personal name Сазонов, Николай Никитич
710 2# - ADDED ENTRY--CORPORATE NAME
Corporate name or jurisdiction name as entry element Институт биологии Якутского фил. СО АН СССР
Holdings
Withdrawn status Lost status Damaged status Not for loan Collection Home library Current library Date acquired Total checkouts Full call number Barcode Date last seen Price effective from Koha item type Public note
        General Fundamental Scientific Library Fundamental Scientific Library 29/12/2016   PIII/30422 FL0365064 29/12/2016 29/12/2016 Գրքեր / Books 30 Days Loan


ՀՀ ԳԱԱ հիմնարար գիտական գրադարան
ՀՀ,Երևան 0019
Մարշալ Բաղրամյան 24/6
հեռախոս:(374-10) 52-47-50
Հետադարձ կապ

All site content, except where otherwise noted, is licensed under a
Creative Commons License